|
|
แสดงรายละเอียดบรรณานุกรม |
|
|
Brief Record
: Get Marc (ISO 2709)
: E-mail record
: |
| LEADER 00000nama 2200000uu 4500 | |||
| 008 040531s2542 th m m a000 0 tha d | |||
| 020 974-7841-35-5 | |||
| 041 tha | |||
| 050 QZ266 จ496 2542 | |||
| 100 จิรพรรณ มัธยมจันทร์ ลลิตา ธีระสิริ | |||
| 245 อร่อยกับ 200 จานอาหารต้านมะเร็ง 001 | |||
| 260 กรุงเทพฯ รวมทรรศน์ 2542 | |||
| 300 257 หน้า | |||
| 650 อาหารต้านมะเร็ง | |||
| 998 2004-06-03 | |||
| คุณยังไม่ได้ล็อกอิน คุณสามารถมีกิจกรรมร่วมกับเว็บไซต์ได้ แต่ต้องล็อกอินก่อน :: |
|
| สถานะ | |||||||||
| 1. | หนังสือทั่วไป | QZ266 จ496 2542 | On Shelf ขอยืม | ||||||
| [แสดง 1/1 รายการ] | |||||||||
BibComment |
| คอมเมนท์ทรัพยากรรายการนี้ |
|
|